Statistics for Las Vegas Strip Major Landmarks

Click here to take the quiz!

General Stats

  • This quiz has been taken 10 times
    (8 since last reset)
  • The average score is 20 of 52

Answer Stats

Answer% Correct
Sahara
88%
The Strat
88%
Circus Circus
75%
Mandalay Bay
75%
New York-New York
75%
Bellagio
63%
Casino Royale
63%
Delano
63%
Flamingo
63%
Harrah's
63%
Luxor
63%
MGM Grand
63%
Paris
63%
Park MGM
63%
Planet Hollywood
63%
The Mirage
63%
The Venetian
63%
Treasure Island
63%
Bally's
50%
Caesars Palace
50%
Encore
50%
Excalibur
50%
High Roller
50%
Las Vegas Sign
50%
The Cosmopolitan
50%
The Linq
50%
The Palazzo
50%
T-Mobile Arena
50%
Wynn
50%
Resorts World
38%
Tropicana
38%
Oyo
25%
The Cromwell
25%
Trump Tower
25%
Bonanza Gift Shop
13%
CityCenter
13%
Elara
13%
Fashion Show Mall
13%
Las Vegas Convention Center
13%
Little Church of the West
13%
Pinball Hall of Fame
13%
Showcase Mall
13%
The Signature
13%
Westin
13%
Allure
0%
Guardian Angel Cathedral
0%
Harmon Corner
0%
Hilton Grand Vacations Club
0%
Lucky Dragon Casino
0%
Sky
0%
Turnberry Place
0%
Venetian Expo
0%

Score Distribution

Percentile by Number Answered

Percent of People with Each Score

Your Score History

You have not taken this quiz since the last reset